000 00819nam a22002657a 4500
001 8859
003 FISKH
005 20251023124732.0
008 251023b cb ||||| |||| 00| 0 eng d
020 _a9780545345002
040 _aFISKH
_beng
_cFISKH
_dFISKH
050 _aPZ7.P535 B
082 _a741.5973
100 _aPeirce, Lincoln
245 _aFrom the top /
_cBy Lincoln Peirce
250 _aFirst Scholastic printing, January 2011
260 _aNew York :
_bScholastic ,
_c2010.
300 _a223 pages :
_billustrations ;
_c23 cm .
490 _aBig nate
520 _aNate Wright is an eleven years old sixth grader who has the distinction of setting the record for school detentions.
650 _aMiddle school
_vFiction
650 _aBig Nate
_vFiction
942 _2ddc
_cBK
_n0
999 _c8859
_d8859